A outra banda do Iberr / (Record no. 135533)

MARC details
000 -LEADER
campo de control de longitud fija 00528nam a2200181 i 4500
001 - NÚMERO DE CONTROL
campo de control 135533
003 - IDENTIFICADOR DE NÚMERO DE CONTROL
campo de control ES-MaACL
005 - FECHA Y HORA DE LA ÚLTIMA TRANSACCIÓN
campo de control 20230906194911.0
007 - CAMPO FIJO DE DESCRIPCIÓN FÍSICA--INFORMACIÓN GENERAL
campo de control de longitud fija t|
008 - DATOS DE LONGITUD FIJA--INFORMACIÓN GENERAL
campo de control de longitud fija 070719s1965 sp ||||1| gao d
080 ## - NÚMERO DE LA CLASIFICACIÓN DECIMAL UNIVERSAL
Número de la Clasificación Decimal Universal 869.9-221"19"
100 1# - ENTRADA PRINCIPAL--NOMBRE DE PERSONA
Nombre de persona Torres, Xohana.
9 (RLIN) 110921
245 10 - MENCIÓN DEL TÍTULO
Título A outra banda do Iberr /
Mención de responsabilidad, etc. Xohana Torres ; portada e ilustraciós de Xohán Ledo.
260 ## - PUBLICACIÓN, DISTRIBUCIÓN, ETC.
Lugar de publicación, distribución, etc. [Vigo] :
Nombre del editor, distribuidor, etc. Galaxia,
Fecha de publicación, distribución, etc. 1965.
300 ## - DESCRIPCIÓN FÍSICA
Extensión 95 p. :
Otras características físicas il. ;
Dimensiones 19 cm.
700 1# - ENTRADA AGREGADA--NOMBRE PERSONAL
Nombre de persona Ledo, Xohán.
9 (RLIN) 71160
852 ## - LOCALIZACIÓN
Ubicación ES-MaACL
Número de control de estantería C-27505
Sublocalización o colección R.56492
Holdings
Estatus retirado Estado de pérdida Estado de daño No para préstamo Biblioteca de origen Biblioteca actual Ubicación en estantería Fecha de adquisición Fuente de adquisición Total de préstamos Signatura topográfica completa Código de barras Visto por última vez Precio de reemplazo Tipo de ítem Koha
        Biblioteca del Ateneo de Madrid Biblioteca del Ateneo de Madrid Depósito 2 17/01/2008     C-27505 1141060 23/02/2023 23/02/2023 Libro impreso